PRACTICAL PHARMACEUTICAL ANALYSIS (Record no. 17341)

MARC details
000 -LEADER
fixed length control field 00324nam a22001457a 4500
003 - CONTROL NUMBER IDENTIFIER
control field SGT
020 ## - INTERNATIONAL STANDARD BOOK NUMBER
International Standard Book Number 978-93-83290-48-2
082 ## - DEWEY DECIMAL CLASSIFICATION NUMBER
Classification number 615.19
Item number P18S
100 ## - MAIN ENTRY--PERSONAL NAME
Personal name SHAH,SAPAN.K
245 ## - TITLE STATEMENT
Title PRACTICAL PHARMACEUTICAL ANALYSIS
260 ## - PUBLICATION, DISTRIBUTION, ETC. (IMPRINT)
Place of publication, distribution, etc JALANDHAR
Name of publisher, distributor, etc S.VIKASH
Year of Publication 2018
300 ## - PAGE DESCRIPTION
No. of Pages 104
650 ## - SUBJECT ADDED ENTRY--TOPICAL TERM
Topical term or geographic name as entry element PHARMACY
942 ## - ADDED ENTRY ELEMENTS (KOHA)
Source of classification or shelving scheme Dewey Decimal Classification
Koha item type Books
Holdings
Withdrawn status Lost status Source of classification or shelving scheme Damaged status Not for loan Collection code Home library Current library Shelving location Date acquired Vendor Name Cost, normal purchase price SGTU Bill Number Total Checkouts Full call number Accession No. (Barcode) Date last seen Date last borrowed Bill Date Koha item type Use restrictions
    Dewey Decimal Classification     PHARMACY SGT FA-FP Library SGT FA-FP Library Text Book 05/04/2019 AHUJA PUB 105.00 SGTU 10918 1 615.19 P18S FP3208 27/09/2019 24/08/2019 03/04/2019 Books  
    Dewey Decimal Classification     PHARMACY SGT FA-FP Library SGT FA-FP Library Text Book 05/04/2019 AHUJA PUB 105.00 SGTU 10918   615.19 P18S FP3209 05/04/2019   03/04/2019 Books  
    Dewey Decimal Classification     PHARMACY SGT FA-FP Library SGT FA-FP Library Text Book 05/04/2019 AHUJA PUB 105.00 SGTU 10918   615.19 P18S FP3210 05/04/2019   03/04/2019 Books  
    Dewey Decimal Classification     PHARMACY SGT FA-FP Library SGT FA-FP Library Text Book 05/04/2019 AHUJA PUB 105.00 SGTU 10918 1 615.19 P18S FP3211 22/08/2019 10/08/2019 03/04/2019 Books  
    Dewey Decimal Classification     PHARMACY SGT FA-FP Library SGT FA-FP Library Text Book 05/04/2019 AHUJA PUB 105.00 SGTU 10918   615.19 P18S FP3212 05/04/2019   03/04/2019 Books  
    Dewey Decimal Classification     PHARMACY SGT FA-FP Library SGT FA-FP Library Text Book 05/04/2019 AHUJA PUB 105.00 SGTU 10918   615.19 P18S FP3213 05/04/2019   03/04/2019 Books  
    Dewey Decimal Classification     PHARMACY SGT FA-FP Library SGT FA-FP Library Reference Book 05/04/2019 AHUJA PUB 105.00 SGTU 10918   615.19 P18S FP3214 05/04/2019   03/04/2019 Books Restricted Access